[Event "4NCL Division Four"]
[Site "Telford, ENG"]
[Date "2023.11.18"]
[Round "1.21"]
[White "Kay, Lee P"]
[Black "Westrap, Christian F"]
[Result "1-0"]
[WhiteElo "1988"]
[BlackElo "2033"]
[PlyCount "117"]
[EventDate "2023.11.18"]
[WhiteTeam "Average Woodpushers"]
[BlackTeam "Wessex B"]

1. d4 d5 2. Bg5 h6 3. Bh4 c6 4. e3 Qb6 5. Qc1 e5 6. Nf3 e4 7. Nfd2 Ne7 8. c4
Nf5 9. Bg3 Nxg3 10. hxg3 Be6 11. Nc3 Nd7 12. Be2 Be7 13. c5 Qc7 14. b4 O-O 15.
a4 Nf6 16. Nb3 Bg4 17. Bxg4 Nxg4 18. b5 Bg5 19. Ne2 f5 20. Nf4 Rae8 21. Qd2 Bd8
22. O-O-O cxb5 23. axb5 Qd7 24. Qe2 g5 25. Nh3 Re6 26. Kb2 a6 27. bxa6 Rxa6 28.
Ra1 Rxa1 29. Rxa1 Be7 30. Ra5 Bd8 31. Qb5 Rf7 32. Qxd7 Rxd7 33. Rb5 Kf7 34. Kc3
Ke6 35. Na5 Bxa5+ 36. Rxa5 Ke7 37. Kb4 Rc7 38. Kb5 Kd7 39. Ra8 Rc6 40. Rf8 Nf6
41. Rh8 Ne8 42. Rf8 Nf6 43. Rf7+ Kc8 44. Ng1 Ra6 45. Ne2 Ne8 46. Rxf5 Nc7+ 47.
Kb4 Ra2 48. Nc3 Rc2 49. Kb3 Rd2 50. Na4 Kd7 51. Rf6 Ke7 52. Rxh6 Rxf2 53. Rh7+
Rf7 54. Rxf7+ Kxf7 55. Kb4 Ke6 56. Ka5 Kf5 57. Kb6 Ne6 58. Nc3 Kg4 59. Ne2 1-0

[Event "4NCL Division Four"]
[Site "Telford, ENG"]
[Date "2023.11.18"]
[Round "1.22"]
[White "Pleasants, Allan J"]
[Black "Pelling, Kyle"]
[Result "1-0"]
[WhiteElo "1987"]
[BlackElo "2015"]
[PlyCount "63"]
[EventDate "2023.11.18"]
[WhiteTeam "Wessex B"]
[BlackTeam "Average Woodpushers"]

1. Nf3 Nf6 2. c4 e6 3. Nc3 d5 4. e3 Be7 5. Qc2 O-O 6. d4 Nbd7 7. Bd3 c5 8. b3
b6 9. cxd5 exd5 10. Bb2 Re8 11. O-O Bf8 12. e4 dxe4 13. Nxe4 Bb7 14. Neg5 g6
15. Bc4 Nd5 16. dxc5 h6 17. Ne4 Bg7 18. Bxg7 Kxg7 19. Nd6 Qc7 20. Nxe8+ Rxe8
21. Rfe1 Rxe1+ 22. Rxe1 Qxc5 23. Qb2+ N5f6 24. Qd4 Qa3 25. Ne5 Qb4 26. Re2 Nxe5
27. Qxe5 Qa3 28. h3 Qc1+ 29. Kh2 Qf1 30. f3 Qc1 31. Bxf7 Qa3 32. Bc4 1-0

[Event "4NCL Division Four"]
[Site "Telford, ENG"]
[Date "2023.11.18"]
[Round "1.23"]
[White "Mulleady, Peter J"]
[Black "Adaway, William"]
[Result "1/2-1/2"]
[WhiteElo "1946"]
[BlackElo "2001"]
[PlyCount "62"]
[EventDate "2023.11.18"]
[WhiteTeam "Average Woodpushers"]
[BlackTeam "Wessex B"]

1. e4 e5 2. Nf3 Nc6 3. Bc4 Bc5 4. O-O Nf6 5. d3 h6 6. a3 a5 7. Nc3 O-O 8. Nd5
d6 9. h3 Nxd5 10. Bxd5 Ne7 11. Ba2 Ng6 12. c3 c6 13. d4 Ba7 14. Be3 b5 15. b4
Bb6 16. Qd2 Qe7 17. dxe5 Bxe3 18. exd6 Bxd2 19. dxe7 Re8 20. Nxd2 Rxe7 21. f3
Be6 22. Bxe6 Rxe6 23. Nb3 a4 24. Nd4 Rd6 25. f4 Rc8 26. Rad1 c5 27. bxc5 Rxc5
28. Rb1 Rd8 29. Rf3 Rdc8 30. Ne2 Rd8 31. Nd4 Rdc8 1/2-1/2

[Event "4NCL Division Four"]
[Site "Telford, ENG"]
[Date "2023.11.18"]
[Round "1.24"]
[White "MacNeil, Elliott"]
[Black "Sanada, Tetsuaki"]
[Result "1/2-1/2"]
[WhiteElo "1918"]
[BlackElo "1964"]
[PlyCount "200"]
[EventDate "2023.11.18"]
[WhiteTeam "Wessex B"]
[BlackTeam "Average Woodpushers"]

1. d4 Nf6 2. c4 e6 3. Nf3 b6 4. g3 Bb7 5. Bg2 Be7 6. Nc3 d5 7. O-O O-O 8. Ne5
c5 9. Qd3 dxc4 10. Qxc4 Bxg2 11. Kxg2 Qxd4 12. Qxd4 cxd4 13. Nb5 Nbd7 14. Nc6
Bc5 15. b4 a6 16. Nbxd4 Bd6 17. Bb2 Nd5 18. a3 b5 19. Rfd1 N7f6 20. Kf3 Rfc8
21. Rac1 Bf8 22. Rd2 Nb6 23. e4 Nc4 24. Rdc2 e5 25. Rxc4 bxc4 26. Nxe5 a5 27.
Ndc6 axb4 28. axb4 Ra2 29. Rxc4 Rxc6 30. Rxc6 Rxb2 31. Nd3 Rb3 32. Ke2 Nxe4 33.
Rb6 g6 34. Rb8 Kg7 35. f3 Nc3+ 36. Kd2 Nd5 37. Kc2 Rc3+ 38. Kd2 Ra3 39. Kc2
Rc3+ 40. Kd2 Ra3 41. Kc2 Ra2+ 42. Kb3 Rxh2 43. b5 Rd2 44. Kc4 Ne3+ 45. Kc3 Rc2+
46. Kb3 Rd2 47. Kc3 Ra2 48. b6 Ra3+ 49. Kd4 Nf5+ 50. Kc4 Bd6 51. Rd8 Bxg3 52.
f4 Ne3+ 53. Kd4 Rb3 54. Kxe3 Rxb6 55. Kf3 Bh4 56. Rd7 h5 57. Nc5 g5 58. fxg5
Bxg5 59. Ne4 Rb3+ 60. Kg2 Bf4 61. Nc5 Rg3+ 62. Kf2 Kg6 63. Nd3 Rg4 64. Kf3 Bh2
65. Rd8 f5 66. Ne1 Be5 67. Ng2 h4 68. Rg8+ Kh5 69. Rf8 Rg3+ 70. Kf2 Bd4+ 71.
Kf1 Kg4 72. Nxh4 Kxh4 73. Rxf5 Kg4 74. Rf8 Re3 75. Kg2 Re2+ 76. Kf1 Re6 77. Kg2
Bf6 78. Rg8+ Kf4 79. Rf8 Kg4 80. Rg8+ Bg5 81. Rf8 Re2+ 82. Rf2 Re3 83. Ra2 Re4
84. Rb2 Bf6 85. Ra2 Bd4 86. Rc2 Re3 87. Rd2 Rg3+ 88. Kh1 Rh3+ 89. Kg2 Be5 90.
Rf2 Bg3 91. Rf1 Rh2+ 92. Kg1 Re2 93. Rf8 Kh3 94. Rf3 Re1+ 95. Rf1 Re3 96. Rf8
Bh4 97. Rf7 Rg3+ 98. Kf1 Rg2 99. Rf3+ Kh2 100. Rh3+ Kxh3 1/2-1/2

[Event "4NCL Division Four"]
[Site "Telford, ENG"]
[Date "2023.11.18"]
[Round "1.25"]
[White "Potter, Steven"]
[Black "Syed, Ashraf"]
[Result "1-0"]
[WhiteElo "1902"]
[BlackElo "1649"]
[PlyCount "113"]
[EventDate "2023.11.18"]
[WhiteTeam "Average Woodpushers"]
[BlackTeam "Wessex B"]

1. d4 d6 2. Bg5 Nd7 3. Nf3 Ngf6 4. Nbd2 e5 5. Ne4 Be7 6. Bxf6 Nxf6 7. Nxf6+
Bxf6 8. dxe5 dxe5 9. Qxd8+ Kxd8 10. e4 Be6 11. Be2 Ke7 12. O-O-O Rhd8 13. Bd3
c5 14. b3 a6 15. h4 h6 16. Rdg1 b5 17. g4 g5 18. hxg5 hxg5 19. Rh5 Rh8 20. Nxg5
Bxg5+ 21. Rxg5 Kf6 22. Rh5 Rxh5 23. gxh5 Rh8 24. Be2 c4 25. Kb2 Rc8 26. bxc4
Bxc4 27. Bxc4 Rxc4 28. Rg4 Rc8 29. Kb3 a5 30. h6 Rh8 31. Rh4 Kg5 32. Rh1 Kf4
33. c4 bxc4+ 34. Kxc4 Kxe4 35. h7 Kf3 36. Kd5 e4 37. Rh2 Kf4 38. a4 f5 39. Ke6
Kg5 40. Kf7 f4 41. Kg7 Rb8 42. Rg2+ Kf5 43. h8=Q Rxh8 44. Kxh8 f3 45. Rh2 Kf4
46. Rh4+ Ke5 47. Kg7 Kd4 48. Kf6 Kd3 49. Ke5 e3 50. fxe3 Kxe3 51. Kd5 f2 52.
Rh1 Ke2 53. Kc4 f1=Q 54. Rxf1 Kxf1 55. Kb5 Ke2 56. Kxa5 Kd3 57. Kb6 1-0

[Event "4NCL Division Four"]
[Site "Telford, ENG"]
[Date "2023.11.18"]
[Round "1.26"]
[White "Wright, George A"]
[Black "Hutchinson, Joel"]
[Result "1/2-1/2"]
[WhiteElo "1370"]
[BlackElo "1898"]
[PlyCount "85"]
[EventDate "2023.11.18"]
[WhiteTeam "Wessex B"]
[BlackTeam "Average Woodpushers"]

1. b3 e6 2. Bb2 Nf6 3. e3 Be7 4. Nf3 b6 5. c4 Bb7 6. Be2 O-O 7. Nc3 d6 8. d3
Nbd7 9. Qc2 c6 10. Rd1 d5 11. O-O Rc8 12. Nb1 Qc7 13. Qc3 Rfd8 14. cxd5 cxd5
15. Qxc7 Rxc7 16. Rc1 Rdc8 17. Rxc7 Rxc7 18. Rc1 Rxc1+ 19. Bxc1 Ba6 20. Kf1 Bd6
21. Ba3 Bxa3 22. Nxa3 Kf8 23. d4 Bxe2+ 24. Kxe2 a6 25. Nc2 Ne4 26. a4 Ke7 27.
Nd2 Nxd2 28. Kxd2 Kd6 29. b4 f6 30. Kd3 e5 31. f3 Nf8 32. e4 Ne6 33. g3 dxe4+
34. fxe4 exd4 35. Nxd4 Nxd4 36. Kxd4 h5 37. a5 bxa5 38. bxa5 g6 39. h3 g5 40.
g4 h4 41. Kc4 Kc6 42. Kd4 Kd6 43. Kc4 1/2-1/2

[Event "4NCL Division Four"]
[Site "Telford, ENG"]
[Date "2023.11.18"]
[Round "1.31"]
[White "Flynn, David"]
[Black "Sandhu, Jai"]
[Result "1-0"]
[WhiteElo "1926"]
[BlackElo "1755"]
[PlyCount "83"]
[EventDate "2023.11.18"]
[WhiteTeam "Ashfield 2"]
[BlackTeam "Celtic Tigers 3"]

1. e4 c6 2. d4 d5 3. exd5 cxd5 4. Bd3 Nf6 5. c3 Nc6 6. Bf4 Bg4 7. Qb3 Qd7 8.
Nd2 a6 9. Ngf3 b5 10. O-O e6 11. a3 Be7 12. Rae1 h6 13. h3 Bxf3 14. Nxf3 O-O
15. Ne5 Qc8 16. Bb1 Nh5 17. Qc2 f5 18. Bc1 Nf6 19. Ng6 Rf7 20. Nxe7+ Nxe7 21.
Qe2 Ne4 22. Bf4 Ng6 23. Bh2 Nf8 24. f3 Ng5 25. Bd6 Rf6 26. h4 Ngh7 27. Bd3 Qd8
28. Bf4 g5 29. hxg5 hxg5 30. Be5 Rh6 31. g4 f4 32. Kg2 Ng6 33. Bxg6 Rxg6 34.
Rh1 Qf8 35. Qd3 Qf7 36. Rh2 Nf6 37. Reh1 Kf8 38. Bxf6 Qxf6 39. Rh8+ Rg8 40.
Rxg8+ Kxg8 41. Qh7+ Kf8 42. Qh8+ 1-0

[Event "4NCL Division Four"]
[Site "Telford, ENG"]
[Date "2023.11.18"]
[Round "1.32"]
[White "Sturt, Charles A"]
[Black "Walentowicz, Stefan"]
[Result "1/2-1/2"]
[WhiteElo "1627"]
[BlackElo "1873"]
[PlyCount "93"]
[EventDate "2023.11.18"]
[WhiteTeam "Celtic Tigers 3"]
[BlackTeam "Ashfield 2"]

1. Nf3 d5 2. d4 Nf6 3. e3 c5 4. b3 e6 5. Nbd2 Nc6 6. Bb2 Be7 7. Bd3 cxd4 8.
exd4 O-O 9. O-O Qc7 10. c4 b6 11. Rc1 Qb7 12. Ne5 Bd7 13. f4 Rac8 14. Rf3 Nb4
15. Bb1 Bc6 16. a3 dxc4 17. axb4 Bxf3 18. Qxf3 Qxf3 19. Nexf3 cxb3 20. b5 Nd5
21. g3 Rxc1+ 22. Bxc1 Nc3 23. Bd3 Rc8 24. Nxb3 Kf8 25. Ne5 Nd5 26. Bd2 Bb4 27.
Nc6 Bxd2 28. Nxd2 Rc7 29. Ne4 Ne7 30. Nb4 Rd7 31. Nc6 Nf5 32. Kf2 Nxd4 33. Ne5
Rc7 34. Nd2 h6 35. Bc4 Ke7 36. Nef3 Nxf3 37. Kxf3 f5 38. h4 Kf6 39. Ke3 Ke7 40.
Kd3 Kd6 41. Nf3 Re7 42. Kd4 Rc7 43. h5 Re7 44. Ne5 Rc7 45. Nc6 Rd7 46. Ne5 Rc7
47. Nf3 1/2-1/2

[Event "4NCL Division Four"]
[Site "Telford, ENG"]
[Date "2023.11.18"]
[Round "1.33"]
[White "Gunarathne, Senith Thenula"]
[Black "Cranston, Adam"]
[Result "0-1"]
[WhiteElo "1849"]
[BlackElo "1662"]
[PlyCount "120"]
[EventDate "2023.11.18"]
[WhiteTeam "Ashfield 2"]
[BlackTeam "Celtic Tigers 3"]

1. e4 c6 2. d4 d5 3. exd5 cxd5 4. c4 Nf6 5. Nc3 Nc6 6. Nf3 e6 7. Bg5 Be7 8. Bd3
dxc4 9. Bxc4 O-O 10. O-O Nd5 11. Bxe7 Ncxe7 12. Qb3 a6 13. a4 b6 14. Ne5 Bb7
15. Nxd5 Nxd5 16. Qg3 Rc8 17. b3 Qe7 18. f4 b5 19. axb5 axb5 20. Bxb5 Rc3 21.
Bd3 Qb4 22. Qh4 Qxd4+ 23. Kh1 Rxd3 24. Nxd3 Qxd3 25. Rf3 Ne3 26. Rf2 Qxb3 27.
Rg1 h6 28. h3 Rc8 29. Kh2 Nxg2 30. Qg4 Rc2 31. Rgxg2 Bxg2 32. Qxg2 Rxf2 33.
Qxf2 Qc4 34. Kg2 Qe4+ 35. Kh2 g5 36. fxg5 hxg5 37. Qg3 Qf4 38. Kg2 Qxg3+ 39.
Kxg3 f5 40. Kf3 Kg7 41. Ke3 Kg6 42. Kf3 Kh5 43. Kg3 e5 44. Kg2 Kh4 45. Kh2 e4
46. Kg2 e3 47. Kf3 f4 48. Ke2 Kg3 49. Kf1 f3 50. h4 gxh4 51. Ke1 h3 52. Kd1 h2
53. Kc2 h1=Q 54. Kb3 Qc1 55. Kb4 Kf4 56. Ka4 Qb2 57. Ka5 Ke5 58. Ka4 Kd4 59.
Ka5 Kc5 60. Ka6 Qb6# 0-1

[Event "4NCL Division Four"]
[Site "Telford, ENG"]
[Date "2023.11.18"]
[Round "1.34"]
[White "Perchard, Matthew"]
[Black "Radford, Mark Sr"]
[Result "1-0"]
[WhiteElo "1521"]
[BlackElo "1790"]
[PlyCount "45"]
[EventDate "2023.11.18"]
[WhiteTeam "Celtic Tigers 3"]
[BlackTeam "Ashfield 2"]

1. e4 e6 2. d4 d5 3. Nd2 Nf6 4. e5 Nfd7 5. Bd3 c5 6. c3 Nc6 7. Ne2 cxd4 8. cxd4
f6 9. exf6 Nxf6 10. Nf3 Bd6 11. O-O Qc7 12. g3 O-O 13. Bf4 Bxf4 14. Nxf4 Ng4
15. Bxh7+ Kxh7 16. Ng5+ Kg8 17. Qxg4 e5 18. Qh5 Bf5 19. Ng6 Bxg6 20. Qxg6 Rf6
21. Qh7+ Kf8 22. Qh8+ Ke7 23. Qxg7+ 1-0

[Event "4NCL Division Four"]
[Site "Telford, ENG"]
[Date "2023.11.18"]
[Round "1.35"]
[White "Bromilow, Edward T"]
[Black "Rose, Peter"]
[Result "1/2-1/2"]
[WhiteElo "1777"]
[BlackElo "1479"]
[PlyCount "73"]
[EventDate "2023.11.18"]
[WhiteTeam "Ashfield 2"]
[BlackTeam "Celtic Tigers 3"]

1. d4 d5 2. Nf3 Nf6 3. e3 c6 4. Bd3 Bg4 5. Nbd2 e6 6. O-O Be7 7. c3 Nbd7 8. Qb3
b5 9. Ne5 Qc7 10. f4 Bf5 11. Qc2 Bxd3 12. Qxd3 Nxe5 13. fxe5 Nd7 14. e4 b4 15.
Qf3 O-O 16. c4 c5 17. cxd5 cxd4 18. d6 Bxd6 19. exd6 Qxd6 20. Nc4 Qc5 21. b3
Nb6 22. Nxb6 Qxb6 23. Qd3 e5 24. Bd2 a5 25. Rfc1 Rfc8 26. Rxc8+ Rxc8 27. Rc1
Rxc1+ 28. Bxc1 Qc5 29. Qc4 Qxc4 30. bxc4 Kf8 31. Kf1 Ke7 32. Ke2 Kd6 33. a4 Kc5
34. Kd3 h6 35. h4 f6 36. h5 Kc6 37. g4 1/2-1/2

[Event "4NCL Division Four"]
[Site "Telford, ENG"]
[Date "2023.11.18"]
[Round "1.36"]
[White "Rigby, Charles"]
[Black "Graham, Neil"]
[Result "1-0"]
[WhiteElo "1496"]
[BlackElo "1789"]
[PlyCount "39"]
[EventDate "2023.11.18"]
[WhiteTeam "Celtic Tigers 3"]
[BlackTeam "Ashfield 2"]

1. d4 Nf6 2. Bf4 d5 3. e3 Bf5 4. Nd2 e6 5. Ngf3 Bd6 6. Bg3 O-O 7. c3 Nc6 8. Ne5
Bxe5 9. dxe5 Nd7 10. Nf3 Bg4 11. Qc2 Bxf3 12. gxf3 Ncxe5 13. Be2 c6 14. O-O-O
Qa5 15. Kb1 Rfd8 16. f4 Nc4 17. Bh4 f6 18. Bd3 h6 19. Rhg1 Qb6 20. Bxc4 1-0

[Event "4NCL Division Four"]
[Site "Telford, ENG"]
[Date "2023.11.18"]
[Round "1.41"]
[White "Chapman, Timothy J"]
[Black "Sachdeva, Ronit"]
[Result "1/2-1/2"]
[WhiteElo "1732"]
[BlackElo "2049"]
[PlyCount "83"]
[EventDate "2023.11.18"]
[WhiteTeam "Crowthorne B"]
[BlackTeam "Guildford Young Guns"]

1. d4 d5 2. c4 c6 3. Nf3 Nf6 4. e3 Bf5 5. cxd5 cxd5 6. Qb3 Bc8 7. Bd3 e6 8. O-O
Be7 9. Bd2 Nc6 10. Nc3 O-O 11. Rac1 Bd7 12. Qd1 a6 13. Ne5 Rc8 14. f4 Be8 15.
Qe1 Nd7 16. Ne2 f5 17. Nxc6 Rxc6 18. Bb4 Rxc1 19. Nxc1 Rf6 20. Nb3 Rh6 21. Bxe7
Qxe7 22. Qf2 Nf6 23. h3 Nd7 24. Rc1 Nb6 25. Qc2 Rf6 26. Qc7 Qxc7 27. Rxc7 Rf7
28. Rxf7 Kxf7 29. Nc5 Bc6 30. b3 Nd7 31. Nxd7 Bxd7 32. Kf2 h6 33. h4 a5 34. a3
b6 35. g3 Kf6 36. Be2 g6 37. Bd3 Bc6 38. Be2 Bd7 39. Bd3 Be8 40. Be2 Bc6 41.
Bd3 Bd7 42. Be2 1/2-1/2

[Event "4NCL Division Four"]
[Site "Telford, ENG"]
[Date "2023.11.18"]
[Round "1.42"]
[White "Kothari, Jai"]
[Black "Shek, Daniel"]
[Result "1/2-1/2"]
[WhiteElo "2047"]
[BlackElo "1633"]
[PlyCount "83"]
[EventDate "2023.11.18"]
[WhiteTeam "Guildford Young Guns"]
[BlackTeam "Crowthorne B"]

1. e4 c5 2. Nf3 Nc6 3. Bb5 e5 4. O-O Bd6 5. Na3 Nge7 6. Nc4 Bc7 7. d3 a6 8.
Bxc6 Nxc6 9. Bg5 f6 10. Bd2 O-O 11. Ne3 d6 12. c3 Be6 13. Nh4 Ne7 14. Qf3 d5
15. Rfd1 d4 16. Nef5 Nxf5 17. Nxf5 Bxf5 18. Qxf5 Qc8 19. Qf3 Qe6 20. cxd4 cxd4
21. Rac1 Bd6 22. b3 Ba3 23. Rc4 h5 24. Rc7 Rfc8 25. Rxc8+ Rxc8 26. Be1 Rc2 27.
Rd2 Rc7 28. Qe2 Qc8 29. Rd1 Rc2 30. Rd2 Rc6 31. Rd1 Bc1 32. h4 Rc2 33. Qxh5 Ba3
34. Rd2 Rc1 35. Rd1 Rxd1 36. Qxd1 Qc1 37. Qxc1 Bxc1 38. Kf1 g6 39. g4 Kf7 40.
Ke2 Ke6 41. Bd2 Bxd2 42. Kxd2 1/2-1/2

[Event "4NCL Division Four"]
[Site "Telford, ENG"]
[Date "2023.11.18"]
[Round "1.43"]
[White "Leadbetter, Scott"]
[Black "Sefton, Adam"]
[Result "1-0"]
[WhiteElo "1573"]
[BlackElo "1802"]
[PlyCount "71"]
[EventDate "2023.11.18"]
[WhiteTeam "Crowthorne B"]
[BlackTeam "Guildford Young Guns"]

1. e4 c5 2. Nf3 d6 3. c3 Nf6 4. Be2 Nc6 5. Qc2 e5 6. Na3 a6 7. d3 Be6 8. Ng5
Be7 9. Nxe6 fxe6 10. Qb3 Qd7 11. Nc4 Bd8 12. Qxb7 Qxb7 13. Nxd6+ Kd7 14. Nxb7
Bb6 15. Be3 Nd4 16. cxd4 cxd4 17. Bd2 Kc7 18. Na5 Rac8 19. Rc1+ Kd7 20. O-O Rb8
21. Nc4 Bc7 22. Rc2 Rhc8 23. Rfc1 h6 24. Ba5 Bxa5 25. Nxa5 Rxc2 26. Rxc2 Rb5
27. Nc4 a5 28. Bd1 g5 29. a4 Rc5 30. Nb6+ Kc6 31. Rxc5+ Kxc5 32. Nc8 Kb4 33.
Nd6 Nd7 34. Nf7 Nc5 35. Nxe5 Nxa4 36. Nc6+ 1-0

[Event "4NCL Division Four"]
[Site "Telford, ENG"]
[Date "2023.11.18"]
[Round "1.44"]
[White "Welling, Zac"]
[Black "Haslehurst, Harriet"]
[Result "1-0"]
[WhiteElo "1766"]
[BlackElo "1524"]
[PlyCount "106"]
[EventDate "2023.11.18"]
[WhiteTeam "Guildford Young Guns"]
[BlackTeam "Crowthorne B"]

1. e4 e5 2. Nf3 Nf6 3. Nxe5 d6 4. Nf3 Nxe4 5. Bd3 Nc5 6. Be2 Nc6 7. O-O Bf5 8.
Re1 Be7 9. d4 Nd7 10. a3 O-O 11. c4 Nf6 12. b4 Re8 13. Bb2 d5 14. c5 Ne4 15.
Nc3 Bf6 16. Bb5 Re6 17. Nxe4 Bxe4 18. Ne5 Nxe5 19. dxe5 Bxe5 20. Bxe5 Rxe5 21.
f3 f5 22. fxe4 fxe4 23. Qd4 Re6 24. Rad1 c6 25. Bc4 Qf6 26. Bb3 Rf8 27. Rf1
Qxd4+ 28. Rxd4 Re5 29. Rxf8+ Kxf8 30. Kf2 Ke7 31. Ke3 Kf6 32. Rd2 h6 33. Bd1
Kg5 34. Kd4 b6 35. Rf2 Rf5 36. Rxf5+ Kxf5 37. g3 g5 38. h3 b5 39. Bg4+ Kf6 40.
Bd7 e3 41. Kxe3 Ke5 42. Bxc6 d4+ 43. Kd3 h5 44. Bxb5 Kd5 45. Be8 h4 46. gxh4
gxh4 47. Bg6 Ke5 48. Be4 Ke6 49. Kxd4 Kd7 50. Kd5 Kc7 51. c6 Kc8 52. Kd6 Kd8
53. c7+ Kc8 1-0

[Event "4NCL Division Four"]
[Site "Telford, ENG"]
[Date "2023.11.18"]
[Round "1.45"]
[White "McKean, Matthew"]
[Black "Twisk, Sebastian"]
[Result "0-1"]
[WhiteElo "1506"]
[BlackElo "1815"]
[PlyCount "39"]
[EventDate "2023.11.18"]
[WhiteTeam "Crowthorne B"]
[BlackTeam "Guildford Young Guns"]

1. c4 e5 2. Nc3 Bb4 3. e4 Nf6 4. Nge2 O-O 5. g3 d6 6. Bg2 Be6 7. d3 Qd7 8. O-O
Bh3 9. f4 Bc5+ 10. d4 exd4 11. Nxd4 Re8 12. Re1 Nc6 13. Nce2 Bxg2 14. Kxg2 Rxe4
15. Nxc6 Qxc6 16. Kh3 Rae8 17. Bd2 Bf2 18. Bc3 Bxe1 19. Bxe1 Rxe2 20. Qd5 0-1

[Event "4NCL Division Four"]
[Site "Telford, ENG"]
[Date "2023.11.18"]
[Round "1.46"]
[White "Jennis, Alistair"]
[Black "Coates, Christine"]
[Result "1-0"]
[WhiteElo "1387"]
[BlackElo "1297"]
[PlyCount "89"]
[EventDate "2023.11.18"]
[WhiteTeam "Guildford Young Guns"]
[BlackTeam "Crowthorne B"]

1. Nf3 d5 2. e3 Bg4 3. Be2 Nf6 4. O-O Nbd7 5. b3 e6 6. Bb2 Be7 7. Na3 a6 8. c4
c6 9. Nc2 O-O 10. d4 Re8 11. c5 a5 12. a3 h6 13. Nfe1 Bxe2 14. Qxe2 Qc7 15. Nd3
Ra7 16. Rac1 Rea8 17. b4 axb4 18. Ncxb4 Nb8 19. Ne5 Bd8 20. f3 Nfd7 21. Nxd7
Qxd7 22. Rfd1 Na6 23. e4 Nxb4 24. axb4 Be7 25. Ra1 Qc8 26. exd5 cxd5 27. Qc2
Rxa1 28. Rxa1 Rxa1+ 29. Bxa1 Bf6 30. Qa4 Qc7 31. g3 Bd8 32. f4 f5 33. Qe8+ Kh7
34. Qxe6 Qc6 35. Qxf5+ Kg8 36. Qd3 Qa4 37. Bc3 Qb3 38. Kg2 Qc4 39. Qxc4 dxc4
40. Kf3 Kf7 41. Ke4 Bf6 42. Kd5 Ke7 43. Kxc4 Kd7 44. d5 Kc7 45. Bxf6 1-0

[Event "4NCL Division Four"]
[Site "Telford, ENG"]
[Date "2023.11.18"]
[Round "1.51"]
[White "Fletcher, John"]
[Black "Chapman, Chas"]
[Result "1/2-1/2"]
[WhiteElo "2045"]
[BlackElo "1524"]
[PlyCount "62"]
[EventDate "2023.11.18"]
[WhiteTeam "The Full Ponty"]
[BlackTeam "War and Piece B"]

1. d4 Nf6 2. Nc3 d5 3. Bf4 e6 4. e3 a6 5. Nf3 Bd6 6. Ne5 O-O 7. Qf3 Nc6 8. Nxc6
bxc6 9. Bd3 Bxf4 10. Qxf4 Rb8 11. Rb1 Qd6 12. O-O Qxf4 13. exf4 Nd7 14. b4 Ra8
15. Rb3 a5 16. Ra3 Ba6 17. bxa5 Bxd3 18. cxd3 Ra7 19. Rb1 Rfa8 20. Rb4 Rxa5 21.
Rxa5 Rxa5 22. Ra4 Rxa4 23. Nxa4 Kf8 24. Nc5 Nxc5 25. dxc5 Ke8 26. Kf1 Kd8 27.
Ke2 Kc8 28. Ke3 Kb7 29. g4 Ka6 30. Kd4 f6 31. g5 Kb5 1/2-1/2

[Event "4NCL Division Four"]
[Site "Telford, ENG"]
[Date "2023.11.18"]
[Round "1.52"]
[White "Collins, Nigel"]
[Black "Adams, Mark"]
[Result "0-1"]
[WhiteElo "1496"]
[BlackElo "2003"]
[PlyCount "98"]
[EventDate "2023.11.18"]
[WhiteTeam "War and Piece B"]
[BlackTeam "The Full Ponty"]

1. c4 e5 2. Nc3 Nf6 3. g3 d5 4. cxd5 Nxd5 5. Bg2 Nb6 6. e3 Be7 7. Nge2 O-O 8.
O-O Nc6 9. f4 Re8 10. b3 f6 11. f5 Nb4 12. d4 exd4 13. exd4 N4d5 14. Qd3 c6 15.
Nxd5 Nxd5 16. Nc3 Nxc3 17. Qxc3 Bd7 18. d5 Rc8 19. Be3 Bd6 20. Rae1 Be5 21. Qd3
c5 22. Qc4 b5 23. Qc2 a6 24. Rd1 Bxg3 25. Bxc5 Bxh2+ 26. Kxh2 Qc7+ 27. d6 Qxc5
28. Qxc5 Rxc5 29. Bd5+ Kf8 30. Be6 Rd8 31. Rfe1 g6 32. Bxd7 Rxd7 33. fxg6 hxg6
34. Re3 Re5 35. Rc3 Kf7 36. Rc7 Ke6 37. Kg3 Rxd6 38. Rxd6+ Kxd6 39. Rb7 Kd5 40.
Rd7+ Kc6 41. Rf7 Re6 42. Kf4 Kc5 43. Rd7 Rd6 44. Rc7+ Kb4 45. Rc2 Ka3 46. Ke4
a5 47. Rg2 a4 48. bxa4 bxa4 49. Rxg6 f5+ 0-1

[Event "4NCL Division Four"]
[Site "Telford, ENG"]
[Date "2023.11.18"]
[Round "1.53"]
[White "Davis, Lee"]
[Black "Charles, Steven"]
[Result "1-0"]
[WhiteElo "1925"]
[BlackElo "1464"]
[PlyCount "129"]
[EventDate "2023.11.18"]
[WhiteTeam "The Full Ponty"]
[BlackTeam "War and Piece B"]

1. d4 Nf6 2. g3 d5 3. Bg2 Bf5 4. Nf3 e6 5. O-O Bd6 6. c4 c5 7. Nc3 O-O 8. Qb3
b6 9. cxd5 exd5 10. Nxd5 Be6 11. Nxf6+ Qxf6 12. Qd1 Nd7 13. e4 cxd4 14. Qxd4
Qxd4 15. Nxd4 Be5 16. Be3 Bc4 17. Rfc1 Rac8 18. f4 Bf6 19. e5 Be7 20. Bh3 Rfd8
21. Bxd7 Rxd7 22. b3 Ba6 23. Rxc8+ Bxc8 24. Rc1 Ba6 25. Nf5 Bf8 26. Kf2 g6 27.
Nd6 Bxd6 28. Rd1 Kf8 29. exd6 f5 30. Bc1 h5 31. Ba3 Kf7 32. Ke3 Ke6 33. Kd4 Bb7
34. Re1+ Be4 35. Rc1 Bb7 36. Rc3 a6 37. Rc2 Kf6 38. Kc4 Ke6 39. Rd2 Bc6 40. Bb4
Bb5+ 41. Kc3 Bc6 42. Re2+ Be4 43. a4 Rd8 44. Kd4 Rd7 45. Re3 Kf6 46. Rc3 Bb7
47. a5 bxa5 48. Ba3 Ke6 49. Bc5 Bc6 50. Ba3 Bb7 51. Rc4 Kf6 52. Kc5 Ke6 53. Rd4
Bc8 54. Rd5 Bb7 55. Re5+ Kf7 56. Kb6 Bc8 57. Kxa5 Bb7 58. Rc5 Ke6 59. Re5+ Kf7
60. Kb6 Bc8 61. Re3 Rb7+ 62. Kc6 Rd7 63. Bc5 Rb7 64. Bb6 Rd7 65. Bc7 1-0

[Event "4NCL Division Four"]
[Site "Telford, ENG"]
[Date "2023.11.18"]
[Round "1.54"]
[White "Searle, Tristan"]
[Black "Perrett, David C"]
[Result "0-1"]
[WhiteElo "1417"]
[BlackElo "1999"]
[PlyCount "70"]
[EventDate "2023.11.18"]
[WhiteTeam "War and Piece B"]
[BlackTeam "The Full Ponty"]

1. e4 Nf6 2. Nc3 d5 3. exd5 Nxd5 4. Nxd5 Qxd5 5. d4 Nc6 6. Be3 Bf5 7. a3 O-O-O
8. Nf3 Bg4 9. Be2 Qf5 10. Nh4 Bxe2 11. Nxf5 Bxd1 12. Rxd1 e6 13. Ng3 Na5 14.
O-O Nc4 15. Bc1 Be7 16. Rfe1 Bf6 17. c3 e5 18. Ne4 Be7 19. b3 Nxa3 20. Bxa3
Bxa3 21. dxe5 Be7 22. f4 Rxd1 23. Rxd1 Rd8 24. Rxd8+ Kxd8 25. Kf2 Kd7 26. Ke3
Ke6 27. g4 g5 28. fxg5 Kxe5 29. h4 a5 30. c4 c6 31. Nf6 Bxf6 32. gxf6 Kxf6 33.
Kd4 b6 34. c5 b5 35. Ke3 Ke5 0-1

[Event "4NCL Division Four"]
[Site "Telford, ENG"]
[Date "2023.11.18"]
[Round "1.55"]
[White "Hughes, Anthony"]
[Black "Parsons, Ben D"]
[Result "1-0"]
[WhiteElo "1897"]
[BlackElo "1407"]
[PlyCount "85"]
[EventDate "2023.11.18"]
[WhiteTeam "The Full Ponty"]
[BlackTeam "War and Piece B"]

1. c4 e5 2. Nc3 Nf6 3. g3 Bc5 4. Nf3 Nc6 5. Bg2 O-O 6. O-O a6 7. e3 d6 8. d4
exd4 9. Nxd4 Ne5 10. b3 c6 11. Bb2 Re8 12. Qc2 Qd7 13. Rad1 Rb8 14. a4 b6 15.
h3 Bb7 16. Kh2 Bb4 17. Ne4 Nxe4 18. Bxe4 Kf8 19. Nf3 Qe7 20. Nxe5 dxe5 21. Rd3
Rbd8 22. Rfd1 f6 23. Bxh7 Rxd3 24. Qxd3 Bc8 25. Bg6 Qe6 26. g4 e4 27. Qc2 Bd6+
28. Kg2 Rd8 29. Bf5 Qe7 30. Bxc8 Rxc8 31. Rd4 f5 32. gxf5 Qg5+ 33. Kf1 Bh2 34.
Qxe4 Re8 35. Qg4 Qf6 36. Qg6 Qxg6 37. fxg6 Be5 38. Rd2 Bxb2 39. Rxb2 Re4 40.
Rd2 Re6 41. Rd7 Rxg6 42. Ra7 b5 43. Rxa6 1-0

[Event "4NCL Division Four"]
[Site "Telford, ENG"]
[Date "2023.11.18"]
[Round "1.61"]
[White "Daryanto, Ahmad"]
[Black "Sanfey, Gregor"]
[Result "1-0"]
[WhiteElo "2054"]
[BlackElo "1736"]
[PlyCount "71"]
[EventDate "2023.11.18"]
[WhiteTeam "Lancaster"]
[BlackTeam "Barnet Knights C"]

1. e4 c6 2. d4 d5 3. e5 Bf5 4. c3 e6 5. Nf3 h6 6. a3 c5 7. Be3 Nd7 8. Nbd2 Ne7
9. dxc5 Nc6 10. b4 Ncxe5 11. Nxe5 Nxe5 12. Qa4+ Nc6 13. Bb5 Qc8 14. Nf3 a6 15.
Bxc6+ Qxc6 16. Qxc6+ bxc6 17. Nd4 Kd7 18. Nxf5 exf5 19. Kd2 Be7 20. Bd4 f6 21.
Rhe1 Bd8 22. Kd3 Bc7 23. g3 a5 24. a4 Rhb8 25. Reb1 axb4 26. cxb4 Ra7 27. b5
cxb5 28. axb5 Rxa1 29. Bxa1 Be5 30. Bd4 Ra8 31. Rb3 Ra4 32. c6+ Kc7 33. b6+ Kc8
34. b7+ Kb8 35. Bxe5+ fxe5 36. c7+ 1-0